| 000 | 00578cam a2200217 a 4500 | ||
|---|---|---|---|
| 001 | sa 68005633 | ||
| 003 | DLC | ||
| 005 | 20260227112510.0 | ||
| 008 | 881102s1968 ii 000 f hino | ||
| 010 | _asa 68005633 | ||
| 035 | _a(OCoLC)23569495 | ||
| 040 |
_aDLC _cDLC |
||
| 050 | 0 | 0 |
_aPK2098.42.A615 _bD8 1968 |
| 100 | 1 |
_aVarmā, Śrīkānta, _d1931-1986. |
|
| 245 | 1 | 0 |
_aDūsarī bāra / _cŚrīkānta Varmā. |
| 250 | _a1. saṃskaraṇa. | ||
| 260 |
_aDillī : _bAkshara Prakāśana, _c1968. |
||
| 300 |
_a132 p. ; _c19 cm. |
||
| 500 | _aNovel. | ||
| 546 | _aIn Hindi. | ||
| 999 |
_c80830 _d80830 |
||